Carlos Fuentes y Las buenas conciencias /

Na minha lista:
Detalhes bibliográficos
Autor principal: Velarde Rosas, Agustín (autor)
Formato: Livro
Publicado em: México : Buena Prensa, 1962, c1962
Assuntos:
Tags: Adicionar Tag
Sem tags, seja o primeiro a adicionar uma tag!

MARC

LEADER 00000nam^a2200000^a^4500
001 000629724
005 20260408000000.0
009 20260409133035.863
037 |a Acervo Xavier Clavigero 
082 |a 860. 972063  |b VEL 
100 |a Velarde Rosas, Agustín  |e (autor) 
245 1 0 |a Carlos Fuentes y Las buenas conciencias /  |c A. Velarde Rosas. 
264 4 |a México :  |b Buena Prensa,  |c 1962, c1962 
300 |a 88 p. 
336 |a texto  |b txt  |2 rdacontenido 
337 |a sin mediación  |b n  |2 rdamedio 
338 |a volumen  |b nc  |2 rdasoporte 
545 0 |a Carlos Fuentes (Panamá, 1928 - México, 2012) es sin duda una de las figuras intelectuales más influyentes del México del siglo XX. Calificado por la crítica como un renovador de la narrativa mexicana, introdujo en la literatura nacional los mejores rasgos de las vanguardias europeas, en obras caracterizadas por el uso de un lenguaje audaz lleno de neologismos y palabras extranjeras, pero igualmente subsidiarias del acontecer nacional. La obra de Fuentes da voz al inconsciente colectivo mexicano y a la problemática socio-política del país, en un abordaje recurrente de la identidad nacional. Recibió numerosos premios, entre los que destacan: el Premio Biblioteca Breve (1967), el Premio Xavier Villaurrutia (1976), el Premio Nacional de Ciencias y Artes en Literatura (1984), el Premio Cervantes (1987), la Legión de Honor francesa (1992), el Premio Príncipe de Asturias de las Letras (1994) y la Medalla Belisario Domínguez (1999). Su obra incluye títulos como La región más transparente (1958), La muerte de Artemio Cruz (1962), Aura (1962), Cantar de ciegos (1964), Cambio de piel (1967), Tiempo mexicano (1971), Terra nostra (1975), La cabeza de la hidra (1978), Gringo viejo (1985), Cristóbal Nonato (1987), El espejo enterrado (1992), El naranjo (1994), Diana o la cazadora solitaria (1994), La frontera de cristal (1995), Los años con Laura Díaz (1999), Instinto de Inez (2001), Todas las familias felices (2006) y La voluntad y la fortuna (2008), entre otros. 
561 |a Dedicatoria con la leyenda: P. Alberto Valenzuela SJ. Padre: Traté de decir con claridad lo que pensaba. Si algunas veces lo logré, usted tiene la culpa. Firma: Agustín Velarde Rosas SJ 
649 |a XX 
650 |a Escritores Mexicanos 
650 |a Novela Mexicana -  |x Historia y Crítica 
650 |a Generación del Medio Siglo (Literatura Mexicana) -  |x Historia y Crítica -  |x Tema Principal 
650 |a Literatura Mexicana -  |x Historia y Crítica -  |x Tema Principal 
650 |a Literatura Mexicana -  |y Siglo XX 
650 |a Fuentes, Carlos -  |x Tema Principal 
910 |a Fondo General 
920 |a Impresos - Libros 
930 |a Libros Antiguos y Raros 
940 |a Literatura 
905 |a 108 
901 |a 055157  |b IT2  |c LRA  |i 055157  |u 20260408 
902 |a https://opac.biblio.iteso.mx/vufind/Record/000629724